| 000 | 01166cam a22003014a 4500 | ||
|---|---|---|---|
| 001 | 13207703 | ||
| 003 | NUST - PNEC | ||
| 005 | 20170116181134.0 | ||
| 008 | 030521s2003 nyua b 001 0 eng | ||
| 010 | _a 2003054073 | ||
| 020 | _a0071420843 | ||
| 040 |
_aDLC _cLIBRARY _dDLC _dWaU |
||
| 042 | _apcc | ||
| 050 | 0 | 0 |
_aTJ223.P76 _bC57 2003 |
| 082 | 0 | 0 |
_a629.8925117 CLA _221 |
| 100 | 1 | _aClark, Dennis. | |
| 245 | 1 | 0 |
_aProgramming and customizing the OOPic microcontroller : _bthe official OOPic handbook / _cDennis Clark. |
| 260 |
_aNew York : _bMcGraw-Hill, _cc2003. |
||
| 300 |
_axxv, 437 p. : _bill. ; _c24 cm. + _e1 CD-ROM (4 3/4 in.) |
||
| 504 | _aIncludes bibliographical references and index. | ||
| 650 | 0 |
_aProgrammable controllers. _xGeneral |
|
| 650 | 0 | _aMicrocontrollers. | |
| 650 | 0 | _aEmbedded computer systems. | |
| 856 | 4 | 2 |
_3Contributor biographical information _uhttp://www.loc.gov/catdir/bios/mh042/2003054073.html |
| 856 | 4 | 1 |
_3Table of contents _uhttp://www.loc.gov/catdir/toc/mh041/2003054073.html |
| 942 |
_2ddc _cBK |
||
| 999 |
_c70125 _d70125 |
||